<?xml version="1.0" encoding="UTF-8"?>
<record
    xmlns:xsi="http://www.w3.org/2001/XMLSchema-instance"
    xsi:schemaLocation="http://www.loc.gov/MARC21/slim http://www.loc.gov/standards/marcxml/schema/MARC21slim.xsd"
    xmlns="http://www.loc.gov/MARC21/slim">

  <leader>00722nam a2200205 a 4500</leader>
  <controlfield tag="001">BRCA_2056</controlfield>
  <controlfield tag="005">20190320203643.0</controlfield>
  <controlfield tag="008">060808s2002----mx-a---###---#000-0#spa-#</controlfield>
  <datafield tag="050" ind1=" " ind2="4">
    <subfield code="a">N910.M42</subfield>
    <subfield code="b">.M38 2002</subfield>
  </datafield>
  <datafield tag="100" ind1="1" ind2=" ">
    <subfield code="a">Matsumoto Miho, Sumika</subfield>
    <subfield code="9">6270</subfield>
  </datafield>
  <datafield tag="245" ind1="1" ind2="0">
    <subfield code="a">El taller infantil de artes pl&#xE1;sticas del Museo Franz Mayer.</subfield>
  </datafield>
  <datafield tag="260" ind1=" " ind2=" ">
    <subfield code="a">Ciudad de M&#xE9;xico</subfield>
    <subfield code="c">2002</subfield>
  </datafield>
  <datafield tag="300" ind1=" " ind2=" ">
    <subfield code="a">137 p.</subfield>
    <subfield code="b">il., mapas</subfield>
  </datafield>
  <datafield tag="502" ind1=" " ind2=" ">
    <subfield code="a">Tesis Licenciatura (Licenciada en Dise&#xF1;o Gr&#xE1;fico) Universidad Iberoamericana</subfield>
  </datafield>
  <datafield tag="610" ind1="2" ind2="4">
    <subfield code="a">Museo Franz Mayer (Ciudad de M&#xE9;xico)</subfield>
    <subfield code="x">Talleres infantiles</subfield>
    <subfield code="9">6271</subfield>
  </datafield>
  <datafield tag="650" ind1="1" ind2="4">
    <subfield code="a">Taller infantil</subfield>
    <subfield code="x">Artes pl&#xE1;sticas</subfield>
    <subfield code="9">6272</subfield>
  </datafield>
  <datafield tag="700" ind1="1" ind2=" ">
    <subfield code="a">Rivero Borrell, H&#xE9;ctor</subfield>
    <subfield code="e">asesor</subfield>
    <subfield code="9">2938</subfield>
  </datafield>
  <datafield tag="902" ind1=" " ind2=" ">
    <subfield code="a">TES</subfield>
  </datafield>
  <datafield tag="942" ind1=" " ind2=" ">
    <subfield code="2">lcc</subfield>
    <subfield code="c">TES</subfield>
  </datafield>
  <datafield tag="999" ind1=" " ind2=" ">
    <subfield code="c">1820</subfield>
    <subfield code="d">1820</subfield>
  </datafield>
  <datafield tag="952" ind1=" " ind2=" ">
    <subfield code="0">0</subfield>
    <subfield code="1">0</subfield>
    <subfield code="4">0</subfield>
    <subfield code="7">0</subfield>
    <subfield code="a">BRCA</subfield>
    <subfield code="b">BRCA</subfield>
    <subfield code="d">2008-08-06</subfield>
    <subfield code="l">0</subfield>
    <subfield code="o">N910.M42 .M38 2002</subfield>
    <subfield code="p">TES00006</subfield>
    <subfield code="r">2019-03-22 00:00:00</subfield>
    <subfield code="w">2019-03-22</subfield>
    <subfield code="y">TES</subfield>
  </datafield>
</record>
